Zamestnanecké výhody ako prostriedok motivácie diplomová práca

Guardado en:
Detalles Bibliográficos
Autor principal: Blizniaková, Barbora
Autor Corporativo: Obchodná fakulta EU. Katedra marketingu
Otros Autores: Matušovičová, Monika, 1967-
Formato: Libro
Lenguaje:eslovaco
Publicado: Bratislava 2019
Etiquetas: Agregar Etiqueta
Sin Etiquetas, Sea el primero en etiquetar este registro!

MARC

LEADER 00000nbm a2200000 4500
001 0254058
005 20190704133939.9
041 0 |a slo 
044 |a SK 
245 1 0 |a Zamestnanecké výhody ako prostriedok motivácie  |b diplomová práca  |c Barbora Blizniaková ; školiteľ: Monika Matušovičová 
264 1 |a Bratislava  |c 2019 
300 |a 80 s. 
100 1 |a Blizniaková, Barbora 
700 1 |a Matušovičová, Monika, 1967- 
710 2 |a Obchodná fakulta EU. Katedra marketingu